| 000 | 00618nam a2200193 4500 | ||
|---|---|---|---|
| 003 | OSt | ||
| 005 | 20240625031303.0 | ||
| 006 | a | ||
| 008 | 240625b |||||||| |||| 00| 0 eng d | ||
| 020 | _a9789719395225 | ||
| 040 |
_aDWCL-Main lib. _cOC |
||
| 082 | _aFil. 428 D278w 2009 | ||
| 100 | _aDe los Reyes, Rodolfo | ||
| 245 | _aWrite right for results : a fun guide to one-page letters, memos, & reports / | ||
| 260 |
_aManila : _bRA Delos Reyes Management Consultancy, _cc2009. |
||
| 300 |
_b139 p. : ill. ; _c23 cm. |
||
| 650 | _a1. English language-Composition and exercises. | ||
| 942 |
_2ddc _n0 _cBK - FIL _kFil. |
||
| 999 |
_c1292 _d1292 |
||